[Event "Titled Tuesday intern op 19th Dec Early"]
[Site "Chess.com INT"]
[Date "2023.12.19"]
[Round "5"]
[White "Fonseca Manrique, Enrique"]
[Black "Sevostianov, Vladimir"]
[Result "0-1"]
[WhiteElo "2168"]
[BlackElo "2107"]
[PlyCount "72"]
[EventDate "2023.12.19"]
[EventType "swiss (blitz)"]
[EventRounds "11"]
[EventCountry "USA"]
[SourceTitle "CB52_2023"]
[SourceDate "2023.12.27"]
[SourceVersion "1"]
[SourceVersionDate "2023.12.27"]
[SourceQuality "1"]

1. e4 c5 2. Nf3 Nc6 3. Bb5 g6 4. 0-0 Bg7 5. d3 Nf6 6. Nc3 d6 7. Bxc6+ bxc6 8. h3 e5 9. a3 0-0 10. b4 cxb4 11. axb4 d5 12. Qe2 d4 13. Nb1 Nd7 14. Nbd2 Re8 15. Nb3 Nf8 16. Bd2 Ne6 17. Ra5 Qc7 18. Rfa1 f6 19. Nc5 Nxc5 20. bxc5 a6 21. Qd1 Rb8 22. Be1 Bf8 23. Nd2 Rb5 24. Nb3 Qb7 25. Kh2 Be6 26. Rxa6 Bxb3 27. cxb3 Rxc5 28. Ra7 Qb8 29. Qg4 Qc8 30. Qg3 Rb5 31. h4 Rb7 32. R7a6 Rxb3 33. Rc1 Qxa6 34. h5 Qxd3 35. Qg4 f5 36. Qg5 Qxe4 0-1

[Event "Titled Tuesday intern op 19th Dec Early"]
[Site "Chess.com INT"]
[Date "2023.12.19"]
[Round "8"]
[White "Hajiyev, Kanan"]
[Black "Sevostianov, Vladimir"]
[Result "0-1"]
[WhiteElo "2135"]
[BlackElo "2107"]
[PlyCount "112"]
[EventDate "2023.12.19"]
[EventType "swiss (blitz)"]
[EventRounds "11"]
[EventCountry "USA"]
[SourceTitle "CB52_2023"]
[SourceDate "2023.12.27"]
[SourceVersion "1"]
[SourceVersionDate "2023.12.27"]
[SourceQuality "1"]

1. d4 Nf6 2. Nf3 g6 3. c4 Bg7 4. Nc3 d6 5. g3 0-0 6. Bg2 Nc6 7. 0-0 a6 8. b3 e5 9. dxe5 Nxe5 10. Bb2 Nxf3+ 11. exf3 Bd7 12. Qd2 Bc6 13. Rad1 Qd7 14. Rfe1 Rfe8 15. f4 Bxg2 16. Kxg2 Rxe1 17. Rxe1 Re8 18. Rxe8+ Qxe8 19. Qe2 Qxe2 20. Nxe2 Nd7 21. Bxg7 Kxg7 22. Kf3 f5 23. Ke3 Kf6 24. f3 Nc5 25. Kd4 Ne6+ 26. Ke3 Ke7 27. g4 c6 28. h4 h5 29. gxf5 gxf5 30. Ng3 Ng7 31. Kd4 Ke6 32. b4 b6 33. a4 c5+ 34. bxc5 bxc5+ 35. Kc3 d5 36. cxd5+ Kxd5 37. Nf1 Ne6 38. Ne3+ Kc6 39. Nxf5 Nxf4 40. Ng3 Kd5 41. Kd2 Kc4 42. Ne4 Kb4 43. a5 c4 44. Kc2 Ng2 45. Nf6 Nxh4 46. f4 Nf5 47. Nxh5 Nd4+ 48. Kd1 c3 49. Ng3 Kb3 50. Kc1 c2 51. f5 Kc3 52. Ne4+ Kd3 53. Nc5+ Kc3 54. Ne4+ Kd3 55. Nc5+ Kc4 56. Nxa6 Kc3 0-1

[Event "Titled Tuesday intern op 14th Nov Early"]
[Site "Chess.com INT"]
[Date "2023.11.14"]
[Round "10"]
[White "Balla, Tamas Kristof"]
[Black "Sevostianov, Vladimir"]
[Result "1-0"]
[WhiteElo "2285"]
[BlackElo "2107"]
[PlyCount "29"]
[EventDate "2023.11.14"]
[EventType "swiss (blitz)"]
[EventRounds "11"]
[EventCountry "USA"]
[SourceTitle "CB47_2023"]
[SourceDate "2023.11.22"]
[SourceVersion "1"]
[SourceVersionDate "2023.11.22"]
[SourceQuality "1"]

1. e4 c5 2. c3 d6 3. d4 Nf6 4. Bd3 e6 5. Nf3 Be7 6. 0-0 0-0 7. Bg5 cxd4 8. cxd4 Nc6 9. Nc3 h6 10. Bh4 Nh5 11. Bxe7 Qxe7 12. d5 Ne5 13. Nxe5 dxe5 14. Qxh5 exd5 15. exd5 1-0

[Event "Barnaul Kura Memorial"]
[Site "Barnaul"]
[Date "2021.02.28"]
[Round "10"]
[White "Bocharov, Dmitry"]
[Black "Sevostianov, Vladimir"]
[Result "1/2-1/2"]
[WhiteElo "2533"]
[BlackElo "2156"]
[PlyCount "100"]
[EventDate "2021.02.27"]
[EventType "swiss (rapid)"]
[EventRounds "11"]
[EventCountry "RUS"]
[SourceTitle "CBM 200 Extra"]
[Source "ChessBase"]
[SourceDate "2021.03.31"]
[SourceVersion "1"]
[SourceVersionDate "2021.03.31"]
[SourceQuality "1"]

1. d4 Nf6 2. c4 d6 3. Nf3 Nbd7 4. Nc3 e5 5. g3 Be7 6. Bg2 0-0 7. 0-0 c6 8. Qc2 Qc7 9. Bd2 Re8 10. Rfd1 Bf8 11. Rac1 h6 12. h3 a5 13. b3 g6 14. e4 Bg7 15. Be3 b6 16. d5 c5 17. Nb5 Qb8 18. Ne1 Ba6 19. Nd3 Rf8 20. a3 Ne8 21. b4 Bxb5 22. cxb5 axb4 23. axb4 Nc7 24. Qc4 Ra4 25. Rb1 Qa7 26. h4 Ne8 27. Qc1 Nef6 28. bxc5 Nxc5 29. Nb2 Ra2 30. Bxc5 dxc5 31. Nc4 h5 32. Ra1 Ng4 33. Qb1 Ra8 34. Rxa2 Qxa2 35. Qxa2 Rxa2 36. f3 Nf2 37. Rd2 Rxd2 38. Nxd2 Nd1 39. Nc4 Nc3 40. Nxb6 Nxb5 41. Nc4 Kf8 42. Bf1 Ke7 43. Kf2 Nd6 44. Na5 f6 45. Bd3 Bh6 46. Ke2 Bc1 47. Nb3 Ba3 48. Nd2 Bb4 49. Nc4 Nxc4 50. Bxc4 Ke8 1/2-1/2

[Event "Barnaul Kura Memorial"]
[Site "Barnaul"]
[Date "2021.02.27"]
[Round "5"]
[White "Kezin, Roman"]
[Black "Sevostianov, Vladimir"]
[Result "1/2-1/2"]
[WhiteElo "2457"]
[BlackElo "2156"]
[PlyCount "113"]
[EventDate "2021.02.27"]
[EventType "swiss (rapid)"]
[EventRounds "11"]
[EventCountry "RUS"]
[SourceTitle "CBM 200 Extra"]
[Source "ChessBase"]
[SourceDate "2021.03.31"]
[SourceVersion "1"]
[SourceVersionDate "2021.03.31"]
[SourceQuality "1"]

1. d4 Nf6 2. c4 d6 3. Nf3 g6 4. Nc3 Bg7 5. Bg5 Nbd7 6. e3 h6 7. Bh4 g5 8. Bg3 Nh5 9. Bd3 e6 10. Qc2 Qe7 11. Nb5 Nxg3 12. hxg3 Nf6 13. c5 dxc5 14. Qxc5 Qxc5 15. dxc5 Nd5 16. e4 a6 17. exd5 axb5 18. Bxb5+ Ke7 19. d6+ cxd6 20. cxd6+ Kxd6 21. 0-0-0+ Ke7 22. a4 Rd8 23. Rxd8 Kxd8 24. Rd1+ Ke7 25. g4 e5 26. Nh2 Be6 27. f3 e4 28. fxe4 Be5 29. Rh1 Bb3 30. Nf3 Bf4+ 31. Kb1 Bxa4 32. Bxa4 Rxa4 33. Rxh6 Rxe4 34. Rb6 f6 35. Rxb7+ Ke6 36. Kc2 Re2+ 37. Kd3 Rxg2 38. Nd4+ Kd5 39. Rb5+ Kd6 40. Ke4 Be5 41. Rd5+ Ke7 42. Nc6+ Ke6 43. Nxe5 fxe5 44. Rxe5+ Kf6 45. Rf5+ Kg6 46. Rb5 Rxg4+ 47. Ke5 Rf4 48. Rb6+ Kh5 49. b4 Kh4 50. b5 Rb4 51. Kd5 g4 52. Kc5 Rb1 53. Rh6+ Kg3 54. b6 Kg2 55. Kc6 g3 56. b7 Rxb7 57. Rh1 1/2-1/2

[Event "Barnaul Kura Memorial"]
[Site "Barnaul"]
[Date "2021.02.27"]
[Round "4"]
[White "Sevostianov, Vladimir"]
[Black "Tsydypov, Zhamsaran"]
[Result "1/2-1/2"]
[WhiteElo "2156"]
[BlackElo "2565"]
[PlyCount "50"]
[EventDate "2021.02.27"]
[EventType "swiss (rapid)"]
[EventRounds "11"]
[EventCountry "RUS"]
[SourceTitle "CBM 200 Extra"]
[Source "ChessBase"]
[SourceDate "2021.03.31"]
[SourceVersion "1"]
[SourceVersionDate "2021.03.31"]
[SourceQuality "1"]

1. Nf3 g6 2. e4 c5 3. d4 cxd4 4. Qxd4 Nf6 5. e5 Nc6 6. Qa4 Nd5 7. Qe4 Nc7 8. Nc3 Bg7 9. Bf4 Ne6 10. Bc4 0-0 11. 0-0-0 Qa5 12. Rd5 Qc7 13. Re1 a6 14. Rdd1 b5 15. Bxe6 fxe6 16. Qe3 Na5 17. b3 Rxf4 18. Qxf4 Qxc3 19. Ng5 Bb7 20. Re3 Qa1+ 21. Kd2 Qb2 22. Qf7+ Kh8 23. Rh3 Qd4+ 24. Kc1 Qa1+ 25. Kd2 Qd4+ 1/2-1/2

[Event "Barnaul Kura Memorial"]
[Site "Barnaul"]
[Date "2021.02.27"]
[Round "6"]
[White "Sevostianov, Vladimir"]
[Black "Volkov, Sergey"]
[Result "1-0"]
[WhiteElo "2156"]
[BlackElo "2557"]
[PlyCount "104"]
[EventDate "2021.02.27"]
[EventType "swiss (rapid)"]
[EventRounds "11"]
[EventCountry "RUS"]
[SourceTitle "CBM 200 Extra"]
[Source "ChessBase"]
[SourceDate "2021.03.31"]
[SourceVersion "1"]
[SourceVersionDate "2021.03.31"]
[SourceQuality "1"]

1. Nf3 d5 2. c4 c6 3. e3 Nf6 4. b3 Bf5 5. Bb2 e6 6. Be2 Nbd7 7. 0-0 Bd6 8. Nc3 0-0 9. h3 h6 10. d3 Qe7 11. Qd2 Rad8 12. Rfe1 Rfe8 13. Bf1 Bh7 14. Rad1 a6 15. Qc1 e5 16. cxd5 cxd5 17. Qa1 e4 18. dxe4 dxe4 19. Nd2 Ne5 20. Nc4 Nxc4 21. bxc4 Ba3 22. Nd5 Nxd5 23. Rxd5 Bxb2 24. Qxb2 Rxd5 25. cxd5 Rd8 26. Rd1 Rd6 27. a4 Bf5 28. Qb4 Bxh3 29. Rb1 Bc8 30. Rc1 Bf5 31. a5 Qd7 32. Rc5 Rxd5 33. Rxd5 Qxd5 34. Bc4 Qc6 35. Qb3 Be6 36. Bxe6 fxe6 37. g3 Kf7 38. Qb4 h5 39. Kg2 g5 40. Qd4 g4 41. Qd8 Qd5 42. Qc7+ Kf6 43. Qf4+ Ke7 44. Qc7+ Kf6 45. Qf4+ Kg6 46. Qc7 Qb5 47. Qd8 Qd5 48. Qc7 e5 49. Qe7 Kf5 50. Qe8 Kf6 51. Qf8+ Qf7 52. Qd6+ Kf5 1-0

[Event "Novosibirsk Sukharev Memorial op"]
[Site "Novosibirsk"]
[Date "2009.07.20"]
[Round "3"]
[White "Garder, Igor"]
[Black "Sevostianov, Vladimir"]
[Result "0-1"]
[WhiteElo "2243"]
[BlackElo "2220"]
[PlyCount "40"]
[EventDate "2009.07.18"]
[EventType "swiss"]
[EventRounds "9"]
[EventCountry "RUS"]
[SourceTitle "CBM 131 Extra"]
[Source "ChessBase"]
[SourceDate "2009.09.03"]
[SourceVersion "2"]
[SourceVersionDate "2009.09.16"]
[SourceQuality "1"]

1. Nf3 Nf6 2. g3 b5 3. Bg2 Bb7 4. d4 e6 5. a4 b4 6. c4 bxc3 7. bxc3 c5 8. 0-0 Be7 9. a5 0-0 10. Nbd2 Na6 11. Ba3 cxd4 12. cxd4 Bxa3 13. Rxa3 Rb8 14. Qa1 Nb4 15. Rc1 Ba6 16. Bf1 Qe7 17. e3 Bxf1 18. Kxf1 Qd6 19. Qc3 Qa6+ 20. Qc4 Rfc8 0-1

[Event "Capital of Sibiria op"]
[Site "Novosibirsk"]
[Date "2002.07.27"]
[Round "9"]
[White "Polyakevich, Stanislav Georgievi"]
[Black "Sevostianov, Vladimir"]
[Result "0-1"]
[WhiteElo "2286"]
[BlackElo "2349"]
[PlyCount "144"]
[EventDate "2002.07.19"]
[EventType "swiss"]
[EventRounds "9"]
[EventCountry "RUS"]
[SourceTitle "CBM 089 Extra"]
[Source "ChessBase"]
[SourceDate "2002.09.10"]
[SourceVersion "2"]
[SourceVersionDate "2002.09.10"]
[SourceQuality "1"]

1. Nf3 Nf6 2. c4 g6 3. Nc3 Bg7 4. d4 d6 5. e4 0-0 6. Be2 c6 7. 0-0 Na6 8. Bg5 Bg4 9. h3 Bxf3 10. Bxf3 e5 11. d5 Rb8 12. Qd2 Nc7 13. a4 a5 14. Rfd1 c5 15. Kh2 Qe8 16. Rg1 Kh8 17. g4 Ng8 18. Be3 f6 19. Ne2 Rf7 20. Qxa5 Bh6 21. Qd2 Bxe3 22. fxe3 Ra8 23. b3 Qf8 24. Ng3 Qh6 25. Raf1 Na6 26. Rg2 Nb4 27. Rgf2 Qh4 28. Bd1 Nh6 29. Kg2 Kg7 30. Bc2 Kf8 31. Bb1 Ke7 32. Ne2 Ng8 33. Ng1 Qh6 34. Nf3 Raf8 35. h4 Kd8 36. Kg3 Ne7 37. g5 Qg7 38. gxf6 Qxf6 39. Ng5 Qxf2+ 40. Rxf2 Rxf2 41. Qxf2 Rxf2 42. Kxf2 h5 43. Ke2 Ng8 44. Kd2 Nh6 45. Bd3 Ke7 46. Be2 Na6 47. Ne6 b6 48. Bf3 Nf7 49. Bg2 Kf6 50. Nf8 Nb8 51. b4 cxb4 52. Kc2 g5 53. Kb3 Na6 54. hxg5+ Kxg5 55. Bh3 Nd8 56. Bc8 h4 57. Bh3 Nb7 58. Ne6+ Kf6 59. Bf1 Nbc5+ 60. Nxc5 bxc5 61. Bh3 Ke7 62. Bg4 Kd8 63. Kc2 Kc7 64. Kd2 Kb6 65. Ke1 b3 66. Kd2 Ka5 67. Kc3 Kxa4 68. Bd1 h3 69. Bxb3+ Ka3 70. Bd1 h2 71. Bf3 Ka2 72. Bh1 Nc7 0-1

[Event "RUS-ch sf"]
[Site "Novosibirsk"]
[Date "2002.??.??"]
[Round "8"]
[White "Bobarykin, Dmitry"]
[Black "Sevostianov, Vladimir"]
[Result "1/2-1/2"]
[WhiteElo "2253"]
[BlackElo "2325"]
[PlyCount "107"]
[EventDate "2002.??.??"]
[EventType "swiss"]
[EventRounds "9"]
[EventCountry "RUS"]
[SourceTitle "EXT 2007"]
[Source "ChessBase"]
[SourceDate "2006.11.23"]
[SourceVersion "1"]
[SourceVersionDate "2006.11.23"]
[SourceQuality "1"]

1. c4 Nf6 2. Nc3 g6 3. g3 Bg7 4. Bg2 0-0 5. e3 c5 6. Nge2 Nc6 7. 0-0 e5 8. d4 cxd4 9. exd4 d6 10. dxe5 dxe5 11. Qxd8 Rxd8 12. Bg5 h6 13. Bxf6 Bxf6 14. Nd5 Bg7 15. Nec3 Rb8 16. a4 Bf8 17. Rfe1 Kg7 18. Rad1 Bg4 19. Rc1 Bc5 20. h3 Be6 21. b3 f5 22. Nc7 Bf7 23. Bxc6 bxc6 24. Rxe5 Ba3 25. Rc2 Kf6 26. Ra5 Rb7 27. Ra6 Rd6 28. c5 Bxc5 29. N3b5 cxb5 30. Rxc5 Rxa6 31. Nxa6 Rb6 32. axb5 Bxb3 33. Nb4 Ke6 34. Nc6 Kd6 35. Rc3 Rxb5 36. Nd4 Ba4 37. Nxb5+ Bxb5 38. f4 Kd5 39. Kf2 Kd4 40. Rc1 a5 41. Ke1 a4 42. Kd2 Bc4 43. Re1 a3 44. Kc2 Bd5 45. Ra1 a2 46. Re1 g5 47. fxg5 hxg5 48. Kb2 f4 49. gxf4 gxf4 50. h4 f3 51. Rd1+ Ke4 52. h5 f2 53. h6 Bg8 54. Rf1 1/2-1/2

[Event "RUS-ch sf"]
[Site "Novosibirsk"]
[Date "2002.??.??"]
[Round "2"]
[White "Zemerov, Vladimir"]
[Black "Sevostianov, Vladimir"]
[Result "1/2-1/2"]
[WhiteElo "2325"]
[BlackElo "2325"]
[PlyCount "84"]
[EventDate "2002.??.??"]
[EventType "swiss"]
[EventRounds "9"]
[EventCountry "RUS"]
[SourceTitle "EXT 2007"]
[Source "ChessBase"]
[SourceDate "2006.11.23"]
[SourceVersion "1"]
[SourceVersionDate "2006.11.23"]
[SourceQuality "1"]

1. Nf3 Nf6 2. c4 c5 3. Nc3 g6 4. d4 cxd4 5. Nxd4 Bg7 6. e4 0-0 7. Be2 d6 8. 0-0 Nc6 9. Be3 Nxd4 10. Bxd4 Qa5 11. f3 Be6 12. Rc1 Rfc8 13. b3 Nd7 14. Bxg7 Kxg7 15. Kh1 a6 16. f4 Nf6 17. f5 Bd7 18. fxg6 hxg6 19. Nd5 Nxd5 20. exd5 Qc5 21. Rc3 Rh8 22. Bg4 Bxg4 23. Qxg4 Raf8 24. Rcf3 b5 25. Qe4 bxc4 26. bxc4 Qa7 27. Re1 Rb8 28. h3 Rb7 29. Kh2 Rh5 30. Ref1 f6 31. Rg3 Rh6 32. Rf4 Qb8 33. Rh4 Qe8 34. Rxh6 Kxh6 35. Ra3 Qa8 36. h4 Rc7 37. h5 gxh5 38. Qf4+ Kh7 39. Qf5+ Kh6 40. Rg3 Qe8 41. Qf4+ Kh7 42. Qf5+ Kh6 1/2-1/2

[Event "RUS-ch54 sf Sibiria"]
[Site "Novosibirsk"]
[Date "2001.04.??"]
[Round "5"]
[White "Sevostianov, Vladimir"]
[Black "Chigvintsev, Andrei"]
[Result "1/2-1/2"]
[WhiteElo "2221"]
[BlackElo "2413"]
[PlyCount "82"]
[EventDate "2001.04.19"]
[EventType "swiss"]
[EventRounds "9"]
[EventCountry "RUS"]
[SourceTitle "CBM 082 Extra"]
[Source "ChessBase"]
[SourceDate "2001.07.03"]
[SourceVersion "1"]
[SourceVersionDate "2001.07.03"]
[SourceQuality "1"]

1. e4 c5 2. Nf3 Nc6 3. Bb5 g6 4. 0-0 Bg7 5. Re1 Nf6 6. c3 0-0 7. d4 cxd4 8. cxd4 d5 9. e5 Ne4 10. Ng5 Nxg5 11. Bxg5 h6 12. Be3 Na5 13. Bd3 Be6 14. b3 Nc6 15. Nc3 Nxe5 16. dxe5 d4 17. Bd2 dxc3 18. Bxc3 Qb6 19. Qf3 Rfd8 20. Be4 Rd7 21. Red1 Rad8 22. Rxd7 Rxd7 23. Rd1 Rxd1+ 24. Qxd1 Qc7 25. Qd4 Bf5 26. Bxf5 gxf5 27. f4 e6 28. h3 Bf8 29. Bb4 Qc1+ 30. Kh2 Bxb4 31. Qxb4 Qe3 32. a4 b6 33. Qc4 a5 34. Kh1 Kg7 35. Kh2 Qf2 36. Kh1 h5 37. Kh2 h4 38. Kh1 Qe3 39. Kh2 Qf2 40. Kh1 Kg6 41. Kh2 Kg7 1/2-1/2

[Event "RUS-ch54 sf Sibiria"]
[Site "Novosibirsk"]
[Date "2001.04.??"]
[Round "9"]
[White "Sevostianov, Vladimir"]
[Black "Kargin, Arseny"]
[Result "0-1"]
[WhiteElo "2284"]
[BlackElo "2221"]
[PlyCount "93"]
[EventDate "2001.04.19"]
[EventType "swiss"]
[EventRounds "9"]
[EventCountry "RUS"]
[SourceTitle "CBM 082 Extra"]
[Source "ChessBase"]
[SourceDate "2001.07.03"]
[SourceVersion "1"]
[SourceVersionDate "2001.07.03"]
[SourceQuality "1"]

1. d4 d5 2. Nf3 Nf6 3. c4 c6 4. Nc3 dxc4 5. a4 Bf5 6. e3 e6 7. Bxc4 Bb4 8. 0-0 0-0 9. Nh4 Bg4 10. f3 Bh5 11. g4 Bg6 12. Nxg6 hxg6 13. Qb3 Qe7 14. e4 c5 15. d5 e5 16. Be3 Ne8 17. d6 Nxd6 18. Nd5 Qd8 19. Rfd1 Nc6 20. Nxb4 cxb4 21. Bd5 Qf6 22. Bxc6 bxc6 23. Bc5 Rfd8 24. Rd3 a5 25. Bb6 Rdc8 26. Rad1 Ne8 27. Bc5 Nc7 28. Rd6 Ne6 29. Bf2 c5 30. Qd5 c4 31. Bg3 Qxf3 32. Rf1 Qxg4 33. Rd7 f6 34. Kg2 Ra6 35. h3 Qe2+ 36. Rf2 Qe3 37. Re7 Rd8 38. Qxc4 Qd3 39. Qb5 Qxb5 40. axb5 Rb6 41. Rc2 Kf8 42. Bf2 Kxe7 43. Bxb6 Rb8 44. Rc6 a4 45. Bc5+ Nxc5 46. Rxc5 a3 47. bxa3 0-1

[Event "RUS-ch sf"]
[Site "Novosibirsk"]
[Date "1999.??.??"]
[Round "2"]
[White "Nikitin, Andrey"]
[Black "Sevostianov, Vladimir"]
[Result "1-0"]
[WhiteElo "2418"]
[BlackElo "2217"]
[PlyCount "65"]
[EventDate "1999.??.??"]
[EventType "swiss"]
[EventRounds "9"]
[EventCountry "RUS"]
[SourceTitle "EXT 2000"]
[Source "ChessBase"]
[SourceDate "1999.11.16"]
[SourceVersion "1"]
[SourceVersionDate "1999.11.16"]
[SourceQuality "1"]

1. d4 Nf6 2. c4 g6 3. Nc3 Bg7 4. e4 d6 5. Be2 0-0 6. Nf3 e5 7. 0-0 Nc6 8. d5 Ne7 9. Ne1 Nd7 10. Be3 f5 11. f3 f4 12. Bf2 g5 13. a4 Ng6 14. a5 a6 15. Nd3 Nf6 16. c5 h5 17. cxd6 cxd6 18. Na4 g4 19. Nb6 g3 20. Nxa8 h4 21. Bb6 gxh2+ 22. Kxh2 Qe7 23. Nf2 Nh5 24. Nc7 h3 25. Nxh3 Bf6 26. Ne6 Bh4 27. Rc1 Bg3+ 28. Kg1 Nh4 29. Rc7 Qf6 30. Qc2 Bxe6 31. dxe6 Nxg2 32. Bc4 Kh8 33. e7 1-0